| 000 | 00417nam a2200121Ia 4500 | ||
|---|---|---|---|
| 008 | 170221s9999 xx 000 0 und d | ||
| 100 | _aKevin Hee | ||
| 245 | _aMaterial weakness remediation and accounting-related litigation | ||
| 245 | _cKevin Hee, San Diego State University. | ||
| 260 | _bJournal of Management and Marketing Research | ||
| 650 | _xBusiness | ||
| 856 | _uhttp://www.aabri.com/manuscripts/131608.pdf | ||
| 999 |
_c307734 _d307734 |
||